Essentials of sport leadership: Therory and application (Record no. 394197)

MARC details
000 -LEADER
fixed length control field 00573 a2200217 4500
005 - DATE & TIME
control field 20260205123717.0
008 - FIXED-LENGTH DATA ELEMENTS--GENERAL INFORMATION
fixed length control field 260205b |||||||| |||| 00| 0 eng d
020 ## - ISBN
International Standard Book Number 9780367259013
Price £ 42.99
040 ## - CATALOGING SOURCE
Original cataloging agency VIVEKANANDA LIBRARY
082 ## - DDC NUMBER
Classification number 796.071
Book Number M473E
100 ## - MAIN ENTRY--PERSONAL NAME
Personal name Megheirkouni, Majd
110 ## - MAIN ENTRY--CORPORATE NAME
Corporate name
245 ## - TITLE STATEMENT
Title Essentials of sport leadership: Therory and application
260 ## - PUBLICATION, DISTRIBUTION, ETC. (IMPRINT)
Name of publisher, distributor, etc Routledge
Date of publication, distribution, etc 2025
Place of publication, distribution, etc New York
300 ## - PHYSICAL DESCRIPTION
Pages xv, 278
650 ## - Subject
Subject Physical Education
650 ## - Subject
Subject Athletic
650 ## - Subject
Subject Coaching- Leadership
700 ## - Added Entry Personal Name
Added Entry Personal Name Norrington, Peter
942 ## - ADDED ENTRY ELEMENTS (KOHA)
Koha item type Books
Holdings
Withdrawn status Lost status Source of classification or shelving scheme Damaged status Not for loan Location (home branch) Sublocation or collection (holding branch) Shelving location Date acquired Koha issues (times borrowed) Koha full call number Accession No. Koha date last seen Koha item type
    Dewey Decimal Classification     VIVEKANANDA LIBRARY VIVEKANANDA LIBRARY Vivekananda Library 22/01/2026   796.071 M473E 444429 22/01/2026 Books
© Designed and Maintained by Vivekananda Library, MDU Rohtak